ბათუმის შოთა რუსთაველის სახელმწიფო უნივერსიტეტის ბიბლიოთეკა

სასკოლო ბიბლიოთეკა როგორც სასწავლო სივრცე / (ბიბ.ჩანაწერი № 63695)

000 -ლიდერი
ფიქსირებული სიგრძის საკონტროლო ველი 01722nam a22002537a 4500
003 - საკონტროლო ნომრის იდენტიფიკატორი
საკონტროლო ველი Ge_BSU
005 - ბოლო ოპერაციის თარიღი და დრო
საკონტროლო ველი 20251210174339.0
008 - ფიქსირებული სიგრძის მონაცემთა ელემენტები - ზოგადი ინფორმაცია
ფიქსირებული სიგრძის საკონტროლო ველი 251210s2021 ge ||||| |||| 00| 0 geo d
020 ## - წიგნის საერთაშორისო სტანდარტული ნომერი
International Standard Book Number 9789941975042
041 ## - ენის კოდი
Language code of text/sound track or separate title geo
080 ## - უნივერსალური ათობითი კლასიფიკაციის ინდექსი
Universal Decimal Classification number 027.8(479.22) ლ-62
100 ## - მთავარი ჩანაწერი - პიროვნების სახელი
Personal name ლიმბერგი, ლუიზე
9 (RLIN) 26441
245 ## - ცნობა სათაურის შესახებ
Title სასკოლო ბიბლიოთეკა როგორც სასწავლო სივრცე /
Statement of responsibility, etc ლუიზე ლიმბერგი, მიკაელ ალექსანდერსონი; ინგლისურიდან თარგმნა გიორგი კილაძემ; რედაქტორები: ლაშა გველესიანი, მარიამ ხოფერია.
264 ## - წარმოების, გამოცემის, დისტრიბუციის და სხვა ცნობები
გამოცემის, წარმოების, დისტრიბუციის... ადგილი თბილისი :
გამოცემის, წარმოების, დისტრიბუციის... სახელწოდება საქართველოს პარლამენტის ეროვნული ბიბლიოთეკა,
გამოცემის, წარმოების, დისტრიბუციის... თარიღი 2021.
300 ## - ფიზიკური აღწერა
Extent 76 გვ. ;
Other physical details 18 სმ.
500 ## - ზოგადი შენიშვნა
General note ტექსტი და დასკვნა ქართულ და ინგლისურ ენებზე.
504 ## - BIBLIOGRAPHY, ETC. NOTE
Bibliography, etc ბიბლიოგრ.: გვ. 72-73.
653 ## - INDEX TERM--UNCONTROLLED
Uncontrolled term სასკოლო ბიბლიოთეკები საქართველოში
700 ## - ADDED ENTRY--PERSONAL NAME
Personal name ალექსანდერსონი, მიკაელ
Relator term ავტორი
9 (RLIN) 26442
700 ## - ADDED ENTRY--PERSONAL NAME
Personal name კილაძე, გიორგი
Relator term მთარგმნელი
9 (RLIN) 24914
700 ## - ADDED ENTRY--PERSONAL NAME
Personal name გველესიანი, ლაშა
Relator term რედაქტორი
9 (RLIN) 7510
700 ## - ADDED ENTRY--PERSONAL NAME
Personal name ხოფერია, მარიამ
Relator term რედაქტორი
9 (RLIN) 26443
942 ## - ADDED ENTRY ELEMENTS (KOHA)
Source of classification or shelving scheme
Koha item type წიგნი
ეგზემპლარები
ჩამოწერის სტატუსი დაკარგული ეგზემპლარის სტატუსი კლასიფიკაციის წყარო ან თაროზე გაწყობის სქემა დაზიანების სტატუსი არ გაიცემა მუდმივი მდებარეობა (დაცვის ადგილი) ამჟამინდელი ადგილსამყოფელი თაროზე განთავსების ადგილი შეძენის თარიღი ღირებულება, შესყიდვის ნორმალური ფასი სრული შენახვის შიფრი შტრიხკოდი ბოლო ოპერაციის თარიღი ეგზემპლარის მიმდევრობითი ნომერი (კეტერი?) Uniform Resource Identifier ფასის ძალაში შესვლის თარიღი ეგზემპლარის სახეობა საჯარო შენიშვნა
          ბათუმის შოთა რუსთაველის სახელმწიფო უნივერსიტეტის მთავარი ბიბლიოთეკა ბათუმის შოთა რუსთაველის სახელმწიფო უნივერსიტეტის მთავარი ბიბლიოთეკა წიგნსაცავი 2025-12-10 5.00 027.8(479.22) ლ-62 73258 2025-12-10 73258 საჩუქარი საქართველოს ეროვნული ბიბლიოთეკისაგან 2025-12-10 წიგნი 5 ლ.